000 01618nam a2200337 c 4500
003 BLK
005 20210628095018.0
008 180409b bul|||||r ||||||| ||bul||
010 _aKNG00114724000
040 _aBLK
041 _aBUL
_cBUL
080 _aНемска литература
_b821.112.2
_x-31
_z821.112.2-31
100 1 _aРемарк, Ерих Мария
_eпърви автор
_gРемарк, Ерих Паул
_9257978
700 1 _aГеоргиев, Никола
_eпрев. от нем.
_gАндреев, Никола Георгиев
_9364530
700 1 _aДраганова, Емилия Владимирова
_eпрев. от нем.
_9370749
700 1 _aКонстантинов, Венцеслав
_eпредг. от
_9367608
139 _aРемарк, Ерих Мария
_bР 51
245 1 0 _aНа Западния фронт нищо ново
_cЕрих Мария Ремарк; прев. от нем. Никола Георгиев; прев. от нем. Емилия Владимирова Драганова; предг. от Венцеслав Константинов.
245 1 0 _aОбратният път
_bРомани
_c
257 _aDEU
260 София
_bОФ
_c1989
300 _a432 с.
_c20 см
380 _aX
500 _aОриг. загл. Im Westen nichts neues ; Der Weg zuruck / Erich Maria Remargue. - В кн. означено 2. и 1. изд.
653 _aромани
852 _aЦб 156409
856 4 _qpdf
_u
856 4 _qpdf
_u
942 _cKNG
_n0
_07
944 _aCR
_c23.08.2004
_lф /
_kЛюдмила_Стоянова
944 _aED
_c02.11.2016
_lф /
_kВиолета_Тройчева
999 _c109407
_d109407